00523nam a2200169Ia 4500008004100000020001800041041000800059082001600067100002800083245002500111250000600136260003900142300001300181650001500194999001900209952012500228210716s2009 xx 000 0 und d a9788132100782 aeng a153.93 CHAN aChadha, Narender Kumar. aApplied psychometry. a1 aNew DelhibSage Publicationsc2009 axiii,362 aPsychology c207879d207879 001040708MBAaAIMITbAIMITd2013-02-04g395.00l0o153.93 CHANpMBA10445r2026-05-23 00:00:00v296.25w2021-07-16yBK